| 000 | 01529nam a2200409 i 4500 | ||
|---|---|---|---|
| 001 | 196385 | ||
| 003 | ES-MaACL | ||
| 005 | 20241010123023.0 | ||
| 007 | ta | ||
| 008 | 240920s1984||||uk ||||frd 000 0deng d | ||
| 020 | _a0946495122 | ||
| 035 | _a(OCoLC)463650460 | ||
| 035 | _abua30099 | ||
| 035 | _a30099 | ||
| 035 | _a075270153 | ||
| 040 |
_aABES _bfre _eAFNOR _cES-MaACL _dES-MaACL |
||
| 041 | 0 | _2639-2 | |
| 100 |
_aLemprière, John _9238842 _eaut |
||
| 245 | 1 | 0 |
_aLemprière's classical dictionary of proper names mentioned in ancient authors writ large : _bwith a chronological table / _cwith a short notice of Dr J. Lemprière by F.A. Wright ; and an introd. by R. Willets. |
| 250 | _a3rd ed. | ||
| 260 |
_aLondon ; _aBoston : _bRoutledge & Kegan Paul, _c1984. |
||
| 300 |
_a736 p. ; _c22 cm. |
||
| 336 |
_btxt _2rdacontent _atexto |
||
| 337 |
_bn _2rdamedia _asin mediación |
||
| 337 |
_bn _2isbdmedia _asin mediación |
||
| 338 |
_2rdacarrier _avolumen |
||
| 650 | 7 |
_aCivilización antigua _vDiccionarios _9239110 |
|
| 650 | 7 |
_aHistoria antigua- _9163535 _vDiccionarios |
|
| 700 |
_aWright, Frederick Adam _9238845 _epbl |
||
| 852 |
_aES-MaACL _cDEPO1 _hDonación: José Manuel Duarte Cendán _9204083 _jA-15424 |
||
| 886 | 2 |
_2unimarc _a181 _ai# _bxxxe## |
|
| 903 |
_9238529 _aDuarte Cendán, José Manuel _q1 _ednr |
||
| 942 |
_n0 _cMONOGRAFIA |
||
| 999 |
_c196385 _d196385 |
||